Incorporación del derecho a un entorno de trabajo seguro y saludable en la declaración de la OIT relativa a los principios y derechos fundamentales en el trabajo (Registro nro. 30059)

Detalles MARC
000 -LEADER
fixed length control field 00453 a2200109 4500
001 - CONTROL NUMBER
control field ART_57441
005 - DATE AND TIME OF LATEST TRANSACTION
control field 20260410161947.0
008 - FIXED-LENGTH DATA ELEMENTS--GENERAL INFORMATION
fixed length control field 260409a
100 1# - MAIN ENTRY--PERSONAL NAME
Personal name Vidal, Verónica
245 10 - TITLE STATEMENT
Title Incorporación del derecho a un entorno de trabajo seguro y saludable en la declaración de la OIT relativa a los principios y derechos fundamentales en el trabajo
773 0# - HOST ITEM ENTRY
Title Temas de derecho laboral
Related parts - Año 8, N° 12 (dic. 2022)
Record control number REV27619

No hay ítems disponibles.